00483nam a2200157Ia 4500003000900000008004100009020001800050040001600068080001800084100002400102245009800126260005600224300001400280650001400294650001700308IN-BaIIA211028s9999 xx 000 0 eng d a0-85296-440-4 cIIA Library a083.8:52bCOL aCollins, Mike comp. 0aAstronomical catalogues 1951-1975cMike comp Collins  aU.K.bThe institution of electrical engineersc1977 aix, 325p. aAstronomy aBibliography